LEADER 01042nam a2200277 i 4500 001 000000221033 003 CaOOAMICUS 005 20130617000000.0 008 130617s2013 it u000 u ita u 013 $a199930 020 $a978-88-10-51213-5 040 $aSeMil$bita 100 1 $aCaspani, Pierpaolo,$d<1960- >.$0(OLS)http://semarc/name/33338 245 10$aChi č Gesų /$cPierpaolo Caspani. 260 $aBologna :$bEDB,$c2013. 300 $a76 p. ;$c19 cm. 490 0 $aCammini di Chiesa ;$v62 500 $aCon dedica autografa dell'Autore. 600 04$aGesų Cristo.$0(OLS)http://semarc/subject/712 830 0$aCammini di Chiesa ;$v62.$0(OLS)http://semarc/title/9951 850 $aSeMil 852 $aSeMil$W1$xVenegono$y1$m2D I 391$j171387$B171387$CSeMilBibl$Z2$F182277 $81 961 $aOmaggio: Caspani don Pierpaolo 996 $6020$a978-88-10-51213-5$9(OLS)http://semarc/number/219844 996 $6245$aChi č Gesų$9(OLS)http://semarc/title/313620 996 $6260$aBologna :$bEDB$9(OLS)http://semarc/publisher/29669 LEADER 01189nam a2200265 i 4500 001 000000247916 003 CaOOAMICUS 005 20160212000000.0 008 160212s2015 it u000 u mul u 013 $a226821 020 $a978-88-215-9580-6 040 $aSeMil$bita 245 10$aGiovanni /$cintroduzione, traduzione e commento a cura di Renzo Infante. 260 $aCinisello Balsamo :$bSan Paolo,$c2015. 300 $a496 p. ;$c22 cm. 490 0 $aNuova versione della Bibbia dai testi antichi ;$v40 650 4$aBibbia. Nuovo Testamento. Vangelo secondo Giovanni - Commentari, studi, critica, interpretazioni.$0(OLS)http://semarc/subject/119 700 1 $aInfante, Renzo.$0(OLS)http://semarc/name/39937 830 0$aNuova versione della Bibbia dai testi antichi ;$v40.$0(OLS)http://semarc/title/32532 850 $aSeMil 852 $aSeMil$W1$xVenegono$y1$m2XA E 40$j230502$B198262$CSeMilBibl$Z2$F209419 $81 961 $aSottoscrizione: San Paolo (Agente) 996 $6020$a978-88-215-9580-6$9(OLS)http://semarc/number/257404 996 $6245$aGiovanni$9(OLS)http://semarc/title/168358 996 $6260$aCinisello Balsamo :$bSan Paolo$9(OLS)http://semarc/publisher/30129